000 00358nam a2200157Ia 4500
003 OSt
008 191201s2008 xx 000 0 und d
082 _a658.3
_bHAE
100 _aHARISH, R
245 0 _aEmployee Counseling Concepts and Application
250 _a1st
260 _aHyderabad
_bIUP
_c2008
300 _a194
650 _aMBA
942 _2ddc
_cREF
999 _c4732
_d4732